| Tag |
First Indicator |
Second Indicator |
Subfields |
| LEADER |
00000cam a2200000 4500 |
| 001 |
in00001906708 |
| 006 |
m | d | |
| 007 |
cr |n||||||||n |
| 008 |
881108s1704 enk|||| s 00||||eng d |
| 005 |
20260406210137.5 |
| 035 |
|
|
|a (CStRLIN)ESTCN35113
|
| 040 |
|
|
|a Cu-RivES
|c Cu-RivES
|d CStRLIN
|d Thomson Gale
|d UtOrBLW
|
| 100 |
1 |
|
|a Buckingham, George Villiers,
|c Duke of,
|d 1628-1687.
|
| 243 |
1 |
0 |
|a Works
|
| 245 |
1 |
0 |
|a Miscellaneous works, written by His Grace, George, late Duke of Buckingham. Collected in one volume from the original papers. ... Also state poems on the late times, by Mr. Dryden, ... With the late Duke of Buckingham's speeches ... To which is added, a collection of choice remarkable speeches.
|
| 264 |
|
3 |
|a London :
|b printed for Sam. Briscoe, and sold by J. Nutt,
|c 1704.
|
| 300 |
|
|
|a 20 unnumbered pages, 144, 1 unnumbered page, 218-257, 3 unnumbered pages, 192p. ;
|c 8⁰.
|
| 336 |
|
|
|a text
|b txt
|2 rdacontent
|
| 337 |
|
|
|a computer
|b c
|2 rdamedia
|
| 338 |
|
|
|a online resource
|b cr
|2 rdacarrier
|
| 500 |
|
|
|a Text continuous despite pagination.
|
| 500 |
|
|
|a A second volume was issued in 1705.
|
| 500 |
|
|
|a Reproduction of original from the John Rylands University Library of Manchester.
|
| 510 |
4 |
|
|a English Short Title Catalog,
|c ESTCN35113.
|
| 533 |
|
|
|a Electronic reproduction.
|b Farmington Hills, Mich. :
|c Thomson Gale,
|d 2003.
|n Available via the World Wide Web.
|n Access limited by licensing agreements
|7 s2003 miunns
|
| 500 |
|
|
|a Electronic resource.
|
| 830 |
|
0 |
|a Eighteenth century collections online.
|
| 856 |
4 |
0 |
|u http://proxy.library.tamu.edu/login?url=https://galenet.galegroup.com/servlet/ECCO?c=1&stp=Author&ste=11&af=BN&ae=N035113&tiPG=1&dd=0&dc=flc&docNum=CW114221799&vrsn=1.0&srchtp=a&d4=0.33&n=10&SU=0LRK&locID=txshracd2898
|z Full text online
|t 0
|
| 999 |
|
|
|a MARS
|
| 999 |
f |
f |
|s 5184f781-e559-347b-9755-c85298dc0e89
|i fbc137bc-0e36-3e72-b087-a2df122ca4b0
|t 0
|
| 952 |
f |
f |
|a Texas A&M University
|b College Station
|c Electronic Resources
|s www_evans
|d Available Online
|t 0
|h No information provided
|
| 998 |
f |
f |
|t 0
|l Available Online
|